000 00669nam a22001937a 4500
003 OSt
005 20251126110604.0
008 251126b |||||||| |||| 00| 0 eng d
020 _a978-621-427-261-7
040 _aDWCL Main-Lib
_cOC
082 _aFil. 658.4038 B163m 2025
100 _aBairan, Bonifacio P.
245 _aManagement information systems
_cBonifacio P. Bairan
260 _aManila, Philippines:
_bUnlimited Books Library Services & Publication Inc.,
_cc2025.
300 _aviii, 241 pages:
_billustration;
_c25 cm.
504 _aIncludes bibliographical references.
650 _a1. Management -- information system.
942 _2ddc
_cBK - FIL
_kFil.
_n0
999 _c6377
_d6377